MEKON 2006 [sborník z vědecké konference studentů doktorského studia]
Guardado en:
| Autores Corporativos: | , |
|---|---|
| Formato: | Libro |
| Lenguaje: | checo inglés |
| Publicado: |
Ostrava
VŠB - Technická univerzita Ostrava, Ekonomická fakulta
2006
|
| Materias: | |
| Etiquetas: |
Sin Etiquetas, Sea el primero en etiquetar este registro!
|
MARC
| LEADER | 00000nlm$a2200000$$$4500 | ||
|---|---|---|---|
| 001 | 0047005 | ||
| 005 | 20240104134851.0 | ||
| 041 | 0 | |a cze | |
| 041 | 0 | |a eng | |
| 044 | |a CZ | ||
| 245 | 1 | 0 | |a MEKON 2006 |b [sborník z vědecké konference studentů doktorského studia] |
| 264 | 1 | |a Ostrava |b VŠB - Technická univerzita Ostrava, Ekonomická fakulta |c 2006 | |
| 300 | |a CD-ROM | ||
| 610 | 2 | 0 | |a ekonómia |
| 610 | 2 | 0 | |a hospodárstvo podnikové |
| 610 | 2 | 0 | |a manažment |
| 610 | 2 | 0 | |a marketing |
| 610 | 2 | 0 | |a obchod |
| 610 | 2 | 0 | |a právo obchodné |
| 610 | 2 | 0 | |a financie |
| 610 | 2 | 0 | |a správa verejná |
| 610 | 2 | 0 | |a inžinierstvo systémové |
| 110 | 2 | |a MEKON 2006 | |
| 710 | 2 | |a Vysoká škola báňská - Technická univerzita Ostrava. Ekonomická fakulta | |